[Event "Winnipeg TNT June op"]
[Site "Winnipeg CAN"]
[Date "1998.06.09"]
[Round "2"]
[White "Williams, Brian"]
[Black "Boron, Anthony"]
[Result "0-1"]
[WhiteElo "1717"]
[BlackElo "1859"]
[PlyCount "100"]
[GameId "2160767911872980"]
[EventDate "1998.06.02"]
[EventType "swiss"]
[EventRounds "4"]
[EventCountry "CAN"]

1. e4 d5 2. Nc3 d4 3. Nce2 Bg4 4. d3 e5 5. h3 Be6 6. Nf3 Nc6 7. Ng3 h6 8. Be2 Bb4+ 9. Bd2 Bxd2+ 10. Qxd2 Nge7 11. O-O Ng6 12. Kh2 Qd7 13. Ng1 O-O-O 14. c3 Nf4 15. c4 Kb8 16. b4 g5 17. f3 h5 18. b5 Ne7 19. c5 Qxb5 20. Rfc1 Qd7 21. Rab1 Nc6 22. Qb2 Qc8 23. Qb5 Ka8 24. a4 g4 25. a5 a6 26. Qa4 gxh3 27. Rc2 Qd7 28. Rcb2 Rb8 29. Qa3 hxg2 30. Bd1 Qe7 31. N1e2 Qh4+ 32. Kg1 Nxe2+ 33. Rxe2 Qxg3 34. Ba4 Qxf3 35. Qb2 Bh3 36. Rf2 Qe3 37. Qc2 Bd7 38. Qc4 Nxa5 39. Qb4 Bxa4 40. Qxa5 Qxd3 41. Ra1 Qh3 42. Rxg2 Rhg8 43. Raa2 Qe3+ 44. Kh2 Rxg2+ 45. Rxg2 Qf4+ 46. Kg1 Bc6 47. Qxc7 Qxe4 48. Rg7 Qe3+ 49. Kh2 Qf2+ 50. Kh3 Qf1+ 0-1

[Event "Winnipeg TNT June op"]
[Site "Winnipeg CAN"]
[Date "1998.06.16"]
[Round "3"]
[White "Herkert, Dean"]
[Black "Boron, Anthony"]
[Result "1-0"]
[WhiteElo "1710"]
[BlackElo "1883"]
[PlyCount "87"]
[GameId "2160767911872981"]
[EventDate "1998.06.02"]
[EventType "swiss"]
[EventRounds "4"]
[EventCountry "CAN"]

1. f4 d5 2. Nf3 Nf6 3. b3 g6 4. Bb2 Bg7 5. e3 Bg4 6. h3 Bxf3 7. Qxf3 c5 8. Bb5+ Nc6 9. Bxc6+ bxc6 10. O-O O-O 11. d3 Qb6 12. Nd2 Rfe8 13. Rf2 Ne4 14. Bxg7 Nxd2 15. Rxd2 Kxg7 16. f5 Qc7 17. Rf2 Qe5 18. Raf1 f6 19. fxg6 hxg6 20. Qf4 Qxf4 21. Rxf4 Rec8 22. h4 Rc7 23. e4 Rf8 24. e5 Rcc8 25. exf6+ exf6 26. Re1 Rce8 27. Rxe8 Rxe8 28. Ra4 Re7 29. Ra5 Kh6 30. Rxc5 Re6 31. Kf2 g5 32. hxg5+ fxg5 33. g4 Kg6 34. Ra5 Re7 35. Ra6 Rc7 36. Ke3 Kf7 37. Kd4 Ke6 38. b4 Kd6 39. b5 Rb7 40. a4 Rf7 41. Rxc6+ Kd7 42. Kxd5 Rf4 43. c4 Rf3 44. Ke4 1-0

[Event "Winnipeg TNT June op"]
[Site "Winnipeg CAN"]
[Date "1998.06.16"]
[Round "3"]
[White "Lange, John"]
[Black "Trueman, Francis"]
[Result "1-0"]
[WhiteElo "1387"]
[BlackElo "1448"]
[PlyCount "61"]
[GameId "2160767911872982"]
[EventDate "1998.06.02"]
[EventType "swiss"]
[EventRounds "4"]
[EventCountry "CAN"]

1. e4 c6 2. d4 d5 3. e5 Bf5 4. Nf3 e6 5. Be3 Nd7 6. Bd3 Bxd3 7. Qxd3 c5 8. c3 c4 9. Qd2 b5 10. O-O Nh6 11. Bg5 Qa5 12. Re1 Nf5 13. Qf4 h6 14. Bh4 Nxh4 15. Qxh4 Be7 16. Qg4 g6 17. Nbd2 h5 18. Qf4 O-O-O 19. Qxf7 Bf8 20. Qxe6 Kc7 21. Qxd5 Nc5 22. Qf7+ Rd7 23. Qxg6 Rh6 24. Qg3 Kb6 25. dxc5+ Ka6 26. e6 Rg7 27. Qf4 Qd8 28. Nd4 Rf6 29. Qe4 Ka5 30. b4+ cxb3 31. axb3# 1-0

[Event "Winnipeg TNT June op"]
[Site "Winnipeg CAN"]
[Date "1998.06.16"]
[Round "3"]
[White "Sekhar, Ganesan"]
[Black "Gushuliak, Justin"]
[Result "1/2-1/2"]
[WhiteElo "1940"]
[BlackElo "1817"]
[PlyCount "68"]
[GameId "2160767911872983"]
[EventDate "1998.06.02"]
[EventType "swiss"]
[EventRounds "4"]
[EventCountry "CAN"]

1. c4 e6 2. g3 Nf6 3. Bg2 c6 4. Nf3 d5 5. b3 Be7 6. O-O O-O 7. Nc3 b6 8. Bb2 Bb7 9. Qc2 Nbd7 10. Rad1 Rc8 11. d4 Qc7 12. e4 dxe4 13. Ng5 h6 14. Ngxe4 Rfd8 15. Rfe1 e5 16. Ne2 Nxe4 17. Qxe4 Bf6 18. f4 exd4 19. Bxd4 Bxd4+ 20. Nxd4 Nf6 21. Qe5 Re8 22. Qxc7 Rxe1+ 23. Rxe1 Rxc7 24. Nf5 c5 25. Re7 Rxe7 26. Nxe7+ Kf8 27. Ng6+ fxg6 28. Bxb7 Ke7 29. h3 Ke6 30. Kf2 g5 31. fxg5 hxg5 32. Ke3 Ke5 33. g4 Nh7 34. Be4 Nf6 1/2-1/2

[Event "Winnipeg TNT June op"]
[Site "Winnipeg CAN"]
[Date "1998.06.16"]
[Round "3"]
[White "Williams, Brian"]
[Black "Klokow, John"]
[Result "1/2-1/2"]
[WhiteElo "1799"]
[BlackElo "1852"]
[PlyCount "89"]
[GameId "2160767911872984"]
[EventDate "1998.06.02"]
[EventType "swiss"]
[EventRounds "4"]
[EventCountry "CAN"]

1. e4 e5 2. Nc3 Nf6 3. g3 d5 4. Bg2 Be6 5. d3 d4 6. Nce2 Nc6 7. Nf3 h6 8. O-O Qd7 9. c3 dxc3 10. bxc3 O-O-O 11. Ne1 Bc4 12. Be3 Bxd3 13. Nxd3 Qxd3 14. Qxd3 Rxd3 15. Rfd1 Rxd1+ 16. Rxd1 Be7 17. f4 Rd8 18. Rxd8+ Kxd8 19. fxe5 Nxe5 20. Nf4 b6 21. Nd5 Nfg4 22. Bd4 c5 23. Bxe5 Nxe5 24. Bf1 c4 25. Kg2 Kd7 26. g4 Bc5 27. h3 Kc6 28. Kg3 Kb5 29. Kf4 Bd6 30. Ke3 Ka4 31. Kd4 b5 32. Ne3 Ka3 33. Kd5 Bc7 34. Nf5 g6 35. Nd6 Bxd6 36. Kxd6 Nd3 37. Ke7 Kb2 38. Kxf7 Kxc3 39. Kxg6 Kd2 40. Bxd3 Kxd3 41. e5 c3 42. e6 c2 43. e7 c1=Q 44. e8=Q Qg5+ 45. Kh7 1/2-1/2

[Event "Winnipeg TNT June op"]
[Site "Winnipeg CAN"]
[Date "1998.06.23"]
[Round "4"]
[White "Barg, Andrew"]
[Black "Williams, Brian"]
[Result "1-0"]
[WhiteElo "1875"]
[BlackElo "1717"]
[PlyCount "101"]
[GameId "2160767911872985"]
[EventDate "1998.06.02"]
[EventType "swiss"]
[EventRounds "4"]
[EventCountry "CAN"]

1. e4 e6 2. d4 d5 3. e5 c5 4. c3 Qb6 5. Nf3 Nc6 6. Bd3 cxd4 7. cxd4 Bd7 8. O-O Nge7 9. Nc3 Ng6 10. Na4 Qd8 11. a3 a6 12. b4 b5 13. Bxg6 hxg6 14. Nc5 Bxc5 15. dxc5 Qc7 16. Re1 O-O-O 17. Bf4 Kb7 18. Nd4 Rh7 19. Nxc6 Bxc6 20. Bg5 Rdh8 21. h4 Rxh4 22. Bxh4 Rxh4 23. g3 Rh5 24. Qd4 Qd8 25. Kg2 Qg5 26. Rad1 Qf5 27. Rh1 Qxe5 28. Qxe5 Rxe5 29. Rh7 d4+ 30. Kf1 Rd5 31. Rxg7 Rd7 32. f4 Bf3 33. Rd2 Kc6 34. Ke1 Kd5 35. Rh2 Kc4 36. Rhh7 d3 37. Kd2 Rd4 38. Rxf7 Re4 39. Rh2 Rd4 40. Ra7 Be4 41. Rxa6 Bf5 42. Rd6 Rd5 43. Rxd5 exd5 44. Rh8 Kb3 45. Rf8 Bg4 46. Kxd3 Kxa3 47. Kc3 d4+ 48. Kxd4 Kxb4 49. c6 Kb3 50. c7 b4 51. f5 1-0

[Event "Winnipeg TNT June op"]
[Site "Winnipeg CAN"]
[Date "1998.06.23"]
[Round "4"]
[White "Boron, Anthony"]
[Black "Gushuliak, Justin"]
[Result "1/2-1/2"]
[WhiteElo "1859"]
[BlackElo "1817"]
[PlyCount "50"]
[GameId "2160767911872986"]
[EventDate "1998.06.02"]
[EventType "swiss"]
[EventRounds "4"]
[EventCountry "CAN"]

1. Nf3 Nf6 2. g3 d5 3. Bg2 e6 4. d3 Be7 5. O-O O-O 6. Nbd2 b6 7. e4 dxe4 8. dxe4 Bb7 9. Re1 c5 10. e5 Nd5 11. Ne4 Nc6 12. Nd6 Ba6 13. c4 Nc7 14. Bf4 Rb8 15. b3 Qd7 16. Ng5 Nd4 17. Nxh7 Kxh7 18. Qh5+ Kg8 19. Be4 g6 20. Bxg6 fxg6 21. Qxg6+ Kh8 22. Qh6+ Kg8 23. Qg6+ Kh8 24. Qh5+ Kg8 25. Qg6+ Kh8 1/2-1/2

[Event "Winnipeg TNT June op"]
[Site "Winnipeg CAN"]
[Date "1998.06.23"]
[Round "4"]
[White "Herkert, Dean"]
[Black "Schulz, Waldemar"]
[Result "0-1"]
[WhiteElo "1725"]
[BlackElo "2019"]
[PlyCount "40"]
[GameId "2160767911872987"]
[EventDate "1998.06.02"]
[EventType "swiss"]
[EventRounds "4"]
[EventCountry "CAN"]

1. f4 d5 2. Nf3 g6 3. b3 Bg7 4. Ne5 Nf6 5. Bb2 O-O 6. e3 c5 7. Be2 b6 8. d3 Bb7 9. Nd2 Nc6 10. Ndf3 Ng4 11. Nxc6 Bxc6 12. Ne5 Bxe5 13. Bxe5 Nxe3 14. Qd2 d4 15. f5 Qd5 16. Bf3 Qxe5 17. Bxc6 Nxc2+ 18. Kf2 Qxf5+ 19. Kg3 Nxa1 20. Bxa8 Rxa8 0-1

[Event "Winnipeg TNT June op"]
[Site "Winnipeg CAN"]
[Date "1998.06.23"]
[Round "4"]
[White "Ott, Richard"]
[Black "Easton, Bruce"]
[Result "1-0"]
[WhiteElo "1488"]
[BlackElo "1082"]
[PlyCount "49"]
[GameId "2160767911872988"]
[EventDate "1998.06.02"]
[EventType "swiss"]
[EventRounds "4"]
[EventCountry "CAN"]

1. d4 d5 2. c4 e6 3. Nc3 a6 4. cxd5 exd5 5. Nf3 h6 6. e3 c6 7. Bd3 Ne7 8. O-O g6 9. Re1 Be6 10. e4 Nd7 11. exd5 cxd5 12. Bf4 Bg7 13. Qd2 b5 14. Rac1 Qb6 15. Qe3 g5 16. Be5 Nxe5 17. Nxe5 Qd6 18. f4 Bf6 19. f5 Bxf5 20. Bxf5 Nxf5 21. Qh3 Nxd4 22. Ng6+ Ne6 23. Nxh8 Kd7 24. Nxf7 Qc5+ 25. Kh1 1-0

[Event "Winnipeg TNT June op"]
[Site "Winnipeg CAN"]
[Date "1998.06.23"]
[Round "4"]
[White "Sekhar, Ganesan"]
[Black "Shpan, Mike"]
[Result "1-0"]
[WhiteElo "1940"]
[BlackElo "1816"]
[PlyCount "111"]
[GameId "2160767911872989"]
[EventDate "1998.06.02"]
[EventType "swiss"]
[EventRounds "4"]
[EventCountry "CAN"]

1. e4 e5 2. Nf3 d6 3. Bc4 h6 4. O-O Qf6 5. Nc3 c6 6. h3 Be6 7. b3 Be7 8. Bb2 Qg6 9. Bxe6 Qxe6 10. d4 Nd7 11. d5 Qg6 12. Qe2 f5 13. dxc6 bxc6 14. Qa6 d5 15. exd5 e4 16. dxc6 exf3 17. cxd7+ Kf7 18. Qxg6+ Kxg6 19. Nd5 fxg2 20. Rfe1 Bf6 21. Re8 Rd8 22. Rxd8 Bxd8 23. Re1 Kh7 24. c4 Nf6 25. Nxf6+ gxf6 26. Re8 Kg7 27. Kxg2 Rf8 28. Ba3 Rg8 29. Bd6 Kf7+ 30. Rxg8 Kxg8 31. c5 Kf7 32. c6 Ke6 33. c7 Bxc7 34. Bxc7 Kxd7 35. Bb8 a6 36. Kf3 h5 37. Kg3 Ke6 38. Kh4 Kd5 39. Kxh5 Ke4 40. Kg6 f4 41. h4 f3 42. h5 Kd3 43. h6 Kc2 44. h7 Kb2 45. h8=Q Kxa2 46. Qxf6 Kxb3 47. Qxf3+ Kc4 48. Qe2+ Kd5 49. Qxa6 Ke4 50. Qd6 Kf3 51. Qf4+ Kg2 52. Kg5 Kf1 53. Kg4 Kg2 54. Ba7 Kg1 55. Kg3 Kf1 56. Qd2 1-0

[Event "Winnipeg TNT March op"]
[Site "Winnipeg CAN"]
[Date "1998.03.03"]
[Round "1"]
[White "Gibbons, Lorne"]
[Black "Barg, Andrew"]
[Result "0-1"]
[WhiteElo "1386"]
[BlackElo "1860"]
[PlyCount "38"]
[GameId "2160767911873830"]
[EventDate "1998.03.03"]
[EventType "swiss"]
[EventRounds "4"]
[EventCountry "CAN"]

1. e4 c5 2. Bc4 e6 3. Nc3 a6 4. a3 Nc6 5. d3 Nge7 6. Be3 d5 7. exd5 exd5 8. Nxd5 Nxd5 9. Qf3 Be6 10. O-O-O Nd4 11. Qe4 Be7 12. Bxd4 cxd4 13. Qxd4 O-O 14. Re1 Bf6 15. Qe4 Rc8 16. f4 Nxf4 17. Qxb7 Bxc4 18. dxc4 Rb8 19. Qf3 Bxb2+ 0-1

[Event "Winnipeg TNT March op"]
[Site "Winnipeg CAN"]
[Date "1998.03.03"]
[Round "1"]
[White "Hanrahan, Nigel"]
[Black "Boron, Anthony"]
[Result "0-1"]
[WhiteElo "1653"]
[BlackElo "1893"]
[PlyCount "60"]
[GameId "2160767911873831"]
[EventDate "1998.03.03"]
[EventType "swiss"]
[EventRounds "4"]
[EventCountry "CAN"]

1. e4 d5 2. exd5 Qxd5 3. Nc3 Qa5 4. d4 Nf6 5. Nf3 Bf5 6. Bd2 c6 7. Ne4 Qb6 8. Nxf6+ exf6 9. Bc3 Bb4 10. Qd2 Bxc3 11. Qxc3 O-O 12. O-O-O Na6 13. Bxa6 Qxa6 14. a3 Rfe8 15. Rhe1 Re2 16. Rxe2 Qxe2 17. Qd2 Qc4 18. Qc3 Qa4 19. Re1 Rd8 20. Re7 Qa6 21. Qe3 Be6 22. Rxe6 fxe6 23. Qxe6+ Kf8 24. c4 Qb6 25. b4 Qc7 26. Qf5 Qf7 27. d5 cxd5 28. cxd5 g6 29. Qf4 Rxd5 30. Qb8+ Kg7 0-1

[Event "Winnipeg TNT March op"]
[Site "Winnipeg CAN"]
[Date "1998.03.03"]
[Round "1"]
[White "Hassain, Mahmud"]
[Black "Trueman, Francis"]
[Result "1-0"]
[WhiteElo "1918"]
[BlackElo "1515"]
[PlyCount "31"]
[GameId "2160767911873832"]
[EventDate "1998.03.03"]
[EventType "swiss"]
[EventRounds "4"]
[EventCountry "CAN"]

1. e4 c6 2. d4 d5 3. Nc3 dxe4 4. Nxe4 Nd7 5. Bd3 Ngf6 6. Ng5 e6 7. Qe2 Nb6 8. N1f3 Qe7 9. Ne5 c5 10. Nexf7 cxd4 11. Nxh8 Qb4+ 12. Bd2 Qe7 13. Nxh7 e5 14. Ng6 Qd6 15. Nhxf8 Nbd7 16. Nxd7 1-0

[Event "Winnipeg TNT March op"]
[Site "Winnipeg CAN"]
[Date "1998.03.03"]
[Round "1"]
[White "Schulz, Manfred"]
[Black "Gushuliak, Justin"]
[Result "1-0"]
[WhiteElo "2005"]
[BlackElo "1754"]
[PlyCount "37"]
[GameId "2160767911873833"]
[EventDate "1998.03.03"]
[EventType "swiss"]
[EventRounds "4"]
[EventCountry "CAN"]

1. e4 c5 2. Nf3 d6 3. d4 cxd4 4. Nxd4 Nf6 5. Nc3 a6 6. Bc4 e6 7. Bb3 Be7 8. Be3 Nc6 9. Qe2 O-O 10. O-O-O Qc7 11. Rhg1 Nxd4 12. Rxd4 Nd7 13. g4 Nc5 14. g5 b5 15. Qh5 Qa5 16. Rg3 e5 17. Rd1 Qxc3 18. bxc3 Nxe4 19. g6 1-0

[Event "Winnipeg TNT March op"]
[Site "Winnipeg CAN"]
[Date "1998.03.10"]
[Round "2"]
[White "Barg, Andrew"]
[Black "Schulz, Manfred"]
[Result "0-1"]
[WhiteElo "1907"]
[BlackElo "2002"]
[PlyCount "120"]
[GameId "2160767911873834"]
[EventDate "1998.03.03"]
[EventType "swiss"]
[EventRounds "4"]
[EventCountry "CAN"]

1. e4 c6 2. d4 d5 3. exd5 cxd5 4. Bd3 Nc6 5. c3 Qc7 6. Qf3 Nf6 7. Bf4 Qb6 8. Qe2 Bg4 9. f3 Bd7 10. g4 Rc8 11. Bg3 Na5 12. h3 a6 13. f4 Bb5 14. Bxb5+ axb5 15. Nd2 b4 16. cxb4 Qxb4 17. Ngf3 Ne4 18. Bh2 Rc2 19. b3 Nxd2 20. Nxd2 Qxd4 21. Rd1 e6 22. Rf1 Bb4 23. Bg1 Bxd2+ 24. Rxd2 Rc1+ 25. Rd1 Qc3+ 26. Qd2 Qxd2+ 27. Kxd2 Rxd1+ 28. Rxd1 Kd7 29. g5 Nc6 30. h4 h6 31. g6 fxg6 32. Bc5 Ke8 33. b4 Kf7 34. Kc3 g5 35. b5 Na5 36. fxg5 hxg5 37. hxg5 Rh4 38. Rd4 Rh3+ 39. Kb4 Nc4 40. Rd1 Ra3 41. Rf1+ Kg6 42. Re1 Kf5 43. Re2 e5 44. Rg2 g6 45. Be7 Rf3 46. a4 b6 47. Bd8 e4 48. Re2 Kf4 49. a5 Nxa5 50. Bxb6 Nb7 51. Rd2 Ke5 52. Bd4+ Ke6 53. Bf6 e3 54. Re2 Kf5 55. Bd4 Ke4 56. Kc3 Nd6 57. Rb2 e2+ 58. Kd2 Nc4+ 59. Kxe2 Nxb2 60. Bxb2 Rb3 0-1

[Event "Winnipeg TNT March op"]
[Site "Winnipeg CAN"]
[Date "1998.03.10"]
[Round "2"]
[White "Boron, Anthony"]
[Black "Hassain, Mahmud"]
[Result "1/2-1/2"]
[WhiteElo "1893"]
[BlackElo "1860"]
[PlyCount "73"]
[GameId "2160767911873835"]
[EventDate "1998.03.03"]
[EventType "swiss"]
[EventRounds "4"]
[EventCountry "CAN"]

1. b3 d5 2. Bb2 c5 3. e3 Nc6 4. Nf3 Bg4 5. h3 Bh5 6. Be2 e6 7. O-O Nf6 8. Ne5 Bxe2 9. Qxe2 Nxe5 10. Bxe5 a6 11. c4 Be7 12. d4 O-O 13. Nd2 Nd7 14. Bg3 cxd4 15. exd4 Bf6 16. Nf3 dxc4 17. bxc4 Qb6 18. Rab1 Qc6 19. Rb3 Rfc8 20. c5 b6 21. Ne5 Bxe5 22. Bxe5 bxc5 23. Rc1 Qd5 24. Qb2 Nxe5 25. Rxc5 Rxc5 26. dxc5 f6 27. Rb7 Qxc5 28. Rxg7+ Kxg7 29. Qb7+ Kh6 30. Qxa8 Qc1+ 31. Kh2 Qf4+ 32. Kg1 Nd3 33. Qf8+ Kg6 34. Qg8+ Kh6 35. Qf8+ Kh5 36. Qf7+ Kh6 37. Qf8+ 1/2-1/2

[Event "Winnipeg TNT March op"]
[Site "Winnipeg CAN"]
[Date "1998.03.10"]
[Round "2"]
[White "Gibbons, Lorne"]
[Black "Hanrahan, Nigel"]
[Result "1-0"]
[WhiteElo "1386"]
[BlackElo "1653"]
[PlyCount "104"]
[GameId "2160767911873836"]
[EventDate "1998.03.03"]
[EventType "swiss"]
[EventRounds "4"]
[EventCountry "CAN"]

1. e4 c6 2. Nc3 d5 3. exd5 cxd5 4. d4 Nf6 5. f3 Nc6 6. Bf4 Nh5 7. Qd2 Nxf4 8. Qxf4 Be6 9. Nb5 Rc8 10. a3 a6 11. Nc3 Qb6 12. O-O-O Qc7 13. Qxc7 Rxc7 14. Nge2 g6 15. Na4 Bh6+ 16. Kb1 Bc8 17. Nec3 e6 18. g3 Bg7 19. Ne2 Na5 20. b3 Bf8 21. Kb2 b5 22. Nac3 Bd7 23. Bg2 Be7 24. Nf4 O-O 25. Nfxd5 exd5 26. Nxd5 Bd8 27. Nxc7 Bxc7 28. Rhe1 Re8 29. Rxe8+ Bxe8 30. f4 Bd6 31. Bh3 f5 32. Rd3 Bd7 33. Bg2 Nc6 34. Bd5+ Kf8 35. Rc3 Nxd4 36. Rd3 Bxa3+ 37. Kxa3 Nxc2+ 38. Kb2 Nb4 39. Rd4 Nxd5 40. Rxd5 Ke7 41. Ka3 a5 42. Kb2 Bc6 43. Rd1 b4 44. Ra1 h6 45. Rxa5 Bd7 46. Ra7 g5 47. Rb7 gxf4 48. gxf4 h5 49. h4 Ke6 50. Rxb4 Kd5 51. Kc3 Bc8 52. Rd4+ Kc5 1-0

[Event "Winnipeg TNT March op"]
[Site "Winnipeg CAN"]
[Date "1998.03.10"]
[Round "2"]
[White "Gushuliak, Justin"]
[Black "Trueman, Francis"]
[Result "1-0"]
[WhiteElo "1793"]
[BlackElo "1515"]
[PlyCount "56"]
[GameId "2160767911873837"]
[EventDate "1998.03.03"]
[EventType "swiss"]
[EventRounds "4"]
[EventCountry "CAN"]

1. e4 c6 2. d4 d5 3. Nc3 dxe4 4. Nxe4 Nd7 5. Bd3 Ngf6 6. Ng5 e6 7. N1f3 Be7 8. Qe2 O-O 9. O-O h6 10. Nh3 Nb6 11. Rd1 Qc7 12. c4 Ng4 13. Bf4 Qd8 14. Ne5 Nxe5 15. dxe5 Qc7 16. Qe4 g6 17. Bxh6 f5 18. exf6 Rxf6 19. Bg5 Rf5 20. Qh4 Bxg5 21. Nxg5 Rf4 22. Qg3 Nxc4 23. Bxc4 Bd7 24. Rxd7 Qxd7 25. Bxe6+ Qxe6 26. Nxe6 Rf6 27. Qe5 Raf8 28. Nxf8 Rxf8 1-0

[Event "Winnipeg TNT March op"]
[Site "Winnipeg CAN"]
[Date "1998.03.17"]
[Round "3"]
[White "Gushuliak, Justin"]
[Black "Gibbons, Lorne"]
[Result "1-0"]
[WhiteElo "1793"]
[BlackElo "1386"]
[PlyCount "55"]
[GameId "2160767911873838"]
[EventDate "1998.03.03"]
[EventType "swiss"]
[EventRounds "4"]
[EventCountry "CAN"]

1. e4 c5 2. Nf3 Nc6 3. d4 Qb6 4. dxc5 Qxc5 5. Nc3 g6 6. Be3 Qb4 7. Qd2 e6 8. a3 Qa5 9. Bc4 a6 10. O-O Bc5 11. b4 Bxb4 12. axb4 Qxb4 13. Nb5 Qxd2 14. Nxd2 Kd8 15. Bb6+ Ke7 16. Nc7 Rb8 17. f4 d6 18. f5 gxf5 19. exf5 d5 20. fxe6 fxe6 21. Bxd5 exd5 22. Rae1+ Kd6 23. Ne8+ Kd7 24. Rf8 Nce7 25. Bc5 Ng6 26. Rf7+ Kc6 27. Rc7+ Kb5 28. Nd6+ 1-0

[Event "Winnipeg TNT March op"]
[Site "Winnipeg CAN"]
[Date "1998.03.17"]
[Round "3"]
[White "Hassain, Mahmud"]
[Black "Barg, Andrew"]
[Result "1-0"]
[WhiteElo "1918"]
[BlackElo "1860"]
[PlyCount "100"]
[GameId "2160767911873839"]
[EventDate "1998.03.03"]
[EventType "swiss"]
[EventRounds "4"]
[EventCountry "CAN"]

1. e4 c5 2. Nf3 d6 3. d4 Nf6 4. Nc3 cxd4 5. Nxd4 a6 6. Bg5 e6 7. f4 Be7 8. Qf3 Qc7 9. O-O-O Nbd7 10. Bd3 Rb8 11. Rhe1 O-O 12. g4 b5 13. e5 dxe5 14. fxe5 Nxe5 15. Rxe5 Qxe5 16. Bf4 Bb7 17. Qg3 Qc5 18. Bxb8 Nxg4 19. Qxg4 Rxb8 20. Be4 b4 21. Bxb7 bxc3 22. Qe4 cxb2+ 23. Kb1 Rd8 24. Rd3 Bf6 25. Ne2 Rxd3 26. Qxd3 Qf2 27. c3 Qb6 28. Qxa6 Qxa6 29. Bxa6 Be5 30. h3 f5 31. Kxb2 g5 32. Bc4 Kf7 33. Nd4 Bxd4 34. cxd4 h5 35. Be2 g4 36. hxg4 hxg4 37. Kc2 Ke7 38. Kd2 Kd6 39. Ke3 e5 40. dxe5+ Kxe5 41. a4 f4+ 42. Kf2 g3+ 43. Kf3 Kd5 44. Kxf4 g2 45. Bf3+ Kc5 46. Bxg2 Kb6 47. Ke5 Ka5 48. Bc6 Kb6 49. Be8 Ka6 50. Kd5 Ka5 1-0

[Event "Winnipeg TNT March op"]
[Site "Winnipeg CAN"]
[Date "1998.03.17"]
[Round "3"]
[White "Schulz, Manfred"]
[Black "Boron, Anthony"]
[Result "0-1"]
[WhiteElo "2002"]
[BlackElo "1893"]
[PlyCount "82"]
[GameId "2160767911873840"]
[EventDate "1998.03.03"]
[EventType "swiss"]
[EventRounds "4"]
[EventCountry "CAN"]

1. e4 e6 2. d4 d5 3. Nc3 Bb4 4. e5 c5 5. a3 Bxc3+ 6. bxc3 Ne7 7. Qg4 Ng6 8. Nf3 Nc6 9. Bd3 c4 10. Bxg6 hxg6 11. Ng5 Bd7 12. h4 Qe7 13. a4 O-O-O 14. Ba3 Qe8 15. Qf4 Ne7 16. Bxe7 Qxe7 17. Qxf7 Qxg5 18. hxg5 Rxh1+ 19. Kd2 Rxa1 20. Qxg6 Rg1 21. g3 Rf8 22. Qxg7 Rxf2+ 23. Ke3 Rf5 24. Qh8+ Kc7 25. Qh4 Re1+ 26. Kd2 Re4 27. g4 Rff4 28. g6 Rxg4 29. Qh7 Rg2+ 30. Kd1 Rg1+ 31. Kd2 Rge1 32. Qh2 R4e2+ 33. Qxe2 Rxe2+ 34. Kxe2 Be8 35. g7 Bf7 36. Ke3 Kd7 37. Kf4 a5 38. Ke3 Ke7 39. Kf4 Bg8 40. Kg5 Kf7 41. Kh6 b6 0-1

[Event "Winnipeg TNT March op"]
[Site "Winnipeg CAN"]
[Date "1998.03.17"]
[Round "3"]
[White "Trueman, Francis"]
[Black "Hanrahan, Nigel"]
[Result "0-1"]
[WhiteElo "1515"]
[BlackElo "1653"]
[PlyCount "94"]
[GameId "2160767911873841"]
[EventDate "1998.03.03"]
[EventType "swiss"]
[EventRounds "4"]
[EventCountry "CAN"]

1. Nf3 f5 2. d3 Nf6 3. e4 fxe4 4. dxe4 Nxe4 5. Bc4 e6 6. Ne5 Qf6 7. Ng4 Qf7 8. O-O Nc6 9. Re1 d5 10. Bd3 Nc5 11. Bb5 Bd7 12. Bxc6 Bxc6 13. Ne5 Qf6 14. Qh5+ g6 15. Qg4 Ne4 16. Nd3 O-O-O 17. Nd2 h5 18. Qh3 g5 19. Nxe4 dxe4 20. Bd2 g4 21. Qe3 exd3 22. Bc3 Qh6 23. Bxh8 Qxh8 24. cxd3 Kb8 25. Qxe6 Bg7 26. Rab1 Re8 27. Qg6 Rxe1+ 28. Rxe1 Bxb2 29. Re7 Bd4 30. Rh7 Qe8 31. Qxe8+ Bxe8 32. Re7 Bb5 33. Rf7 Kc8 34. Rf8+ Kd7 35. Rf5 c5 36. Rxh5 Bxd3 37. Rg5 Be2 38. Rf5 Kc6 39. Rf7 c4 40. Re7 Bd3 41. Re6+ Kc5 42. Re7 c3 43. Rxb7 Kc6 44. Rb8 c2 45. Rc8+ Kd5 46. Rd8+ Kc4 47. Rc8+ Bc5 0-1

[Event "Winnipeg TNT March op"]
[Site "Winnipeg CAN"]
[Date "1998.03.24"]
[Round "4"]
[White "Boron, Anthony"]
[Black "Gushuliak, Justin"]
[Result "1/2-1/2"]
[WhiteElo "1893"]
[BlackElo "1754"]
[PlyCount "42"]
[GameId "2160767911873842"]
[EventDate "1998.03.03"]
[EventType "swiss"]
[EventRounds "4"]
[EventCountry "CAN"]

1. e4 c5 2. d3 Nc6 3. Nf3 g6 4. g3 Bg7 5. Bg2 d6 6. O-O e6 7. c3 Nge7 8. Re1 O-O 9. Nbd2 a6 10. Nf1 e5 11. h4 f5 12. exf5 Nxf5 13. Bg5 Bf6 14. Qb3+ Kg7 15. Ne3 Nxe3 16. Rxe3 Qe7 17. Rae1 Be6 18. Qc2 h6 19. Bxf6+ Qxf6 20. a3 Rac8 21. Nh2 Nd4 1/2-1/2

[Event "Winnipeg TNT March op"]
[Site "Winnipeg CAN"]
[Date "1998.03.24"]
[Round "4"]
[White "Schulz, Manfred"]
[Black "Hassain, Mahmud"]
[Result "0-1"]
[WhiteElo "2005"]
[BlackElo "1918"]
[PlyCount "144"]
[GameId "2160767911873843"]
[EventDate "1998.03.03"]
[EventType "swiss"]
[EventRounds "4"]
[EventCountry "CAN"]

1. e4 c5 2. Nf3 d6 3. d4 cxd4 4. Nxd4 Nf6 5. Nc3 g6 6. Bc4 Bg7 7. h3 O-O 8. O-O Nc6 9. Re1 Nxd4 10. Qxd4 Be6 11. Bb3 Nd5 12. Qd3 Nxc3 13. bxc3 Qa5 14. Bd2 Qc5 15. Rad1 Rac8 16. Re3 Rc7 17. Rf3 Bc4 18. Qe3 b5 19. Qe1 a5 20. Be3 Qa3 21. Bd4 a4 22. Bxc4 Rxc4 23. Bxg7 Kxg7 24. e5 Qxa2 25. exd6 exd6 26. Rxd6 Qxc2 27. Qe5+ Kg8 28. Rd7 Re4 29. Qd5 Rf4 30. Rxf4 Qc1+ 31. Qd1 Qxf4 32. Rd4 Qc7 33. Qd3 Rb8 34. Rb4 Rd8 35. Qc2 Qe5 36. Re4 Rd1+ 37. Qxd1 Qxe4 38. Qd2 a3 39. Kh2 a2 40. Qxa2 Qe5+ 41. g3 Qxc3 42. h4 b4 43. h5 Qc5 44. g4 b3 45. Qxb3 Qxf2+ 46. Kh3 Qf1+ 47. Kh4 Qf4 48. Qd5 Qf6+ 49. Kg3 g5 50. Qc4 Qe5+ 51. Kf3 h6 52. Qb4 Kg7 53. Qc4 f5 54. gxf5 Qxf5+ 55. Kg3 Kf6 56. Qc6+ Qe6 57. Qf3+ Ke7 58. Qb7+ Kf8 59. Qa8+ Qe8 60. Qf3+ Ke7 61. Qb7+ Kd6 62. Qb4+ Kd5 63. Qb7+ Ke5 64. Qb2+ Kd5 65. Qb3+ Kc5 66. Qa3+ Kb5 67. Qb3+ Ka5 68. Qc3+ Ka6 69. Qf6+ Kb7 70. Qxh6 Qe3+ 71. Kg2 Qd2+ 72. Kf3 g4+ 0-1

[Event "Winnipeg TNT March op"]
[Site "Winnipeg CAN"]
[Date "1998.03.24"]
[Round "4"]
[White "Trueman, Francis"]
[Black "Gibbons, Lorne"]
[Result "1-0"]
[WhiteElo "1515"]
[BlackElo "1386"]
[PlyCount "68"]
[GameId "2160767911873844"]
[EventDate "1998.03.03"]
[EventType "swiss"]
[EventRounds "4"]
[EventCountry "CAN"]

1. Nf3 d5 2. d3 Bg4 3. Nbd2 Bxf3 4. Nxf3 Nc6 5. g3 e5 6. Bg2 Bc5 7. c3 Qd7 8. Qb3 Na5 9. Qd1 Nc6 10. O-O O-O-O 11. Qc2 h6 12. Bd2 g5 13. b4 Be7 14. b5 Nb8 15. Nxe5 Qe6 16. d4 Bf6 17. Nd3 Qxe2 18. Rfe1 Qh5 19. Nc5 Nd7 20. Qf5 Ne7 21. Qc2 Qg6 22. Qa4 Kb8 23. b6 Nxb6 24. Qb4 Nc6 25. Qb3 Na5 26. Qb4 Nac4 27. Be3 a5 28. Qb1 Qxb1 29. Raxb1 Be7 30. a4 Bxc5 31. dxc5 Nxa4 32. Bd4 Rhe8 33. Rxe8 Rxe8 34. Bxd5 f5 1-0